| 000 | 00352nam a2200145 4500 | ||
|---|---|---|---|
| 020 | _a9788131511701 | ||
| 082 | _a621.31042 SRI | ||
| 100 | _aSrivastava, R.K. | ||
| 245 | _aElectrical machines | ||
| 260 |
_aNew Delhi, India _bCenage Learning _c2011 |
||
| 300 | _aix, 575 p. | ||
| 500 | _aIncludes index. | ||
| 650 | _aElectric machinery. | ||
| 942 | _cBK | ||
| 999 |
_c12315 _d12315 |
||